| 000 | 00846nam a2200217Ia 4500 | ||
|---|---|---|---|
| 003 | IN-BaIIA | ||
| 008 | 211028s9999 xx 000 0 eng d | ||
| 020 | _a0-7923-3784-0 | ||
| 040 | _cIIA Library | ||
| 080 |
_a533:524(082.1) _bPLA |
||
| 111 |
_aInstitute of Electrical and Electronics Engineers International Workshop _cUS _d1993 May 10-12 _922575 |
||
| 245 | 0 |
_aPlasma astrophysics and cosmology _bsecond IEEE international workshop held in Princeton, New Jersey, US, 10-12 May 1993 _cedited by A. L. Peratt |
|
| 260 |
_aDordrecht _bKluwer Academic _c1995 |
||
| 300 | _a297p. | ||
| 650 | _aCosmology | ||
| 650 |
_aPlasma astrophysics _93786 |
||
| 650 |
_aRedshifts _922576 |
||
| 700 |
_aPeratt, A. L., ed. _922577 |
||
| 710 |
_aInstitute of Electrical and Electronics Engineers _922578 |
||
| 942 | _cBK | ||
| 999 |
_c12872 _d12872 |
||